000 01038nam a2200313Ia 4500
001 Para_6911
003 CHAP
008 220125s1981 xx 000 0 und d
010 _a205709
040 _cCHAP
090 _aPA FOLLETO 821
100 _aRetes C.J. Enrique
_9155810
245 _aResultados de la investigación de tomate industrial en el Norte de Sinaloa 1980-1981 /
_c por J. Enrique Retes C., Santiago Armenta C., Jesús Espinoza R.
260 _aLos Mochis,Sin. :
_b INIA. CIAPAN
300 _a55 p.
650 _aTomate
_x estadísticas
_9113717
650 _aTomate
_x investigación
_9171791
650 _aTomate
_x Sinaloa
_9113766
700 _aArmenta C., Santiago
_9171792
700 _aEspinoza R., Jesús
_9171793
710 _aInstituto Nacional de Investigaciones Agrícolas (México). CIAPAN
_9169546
901 _aPA FOLLETO 821
902 _aA
905 _a0000001981 i 0000000000 00
910 _a1981
942 _cPARA
942 _cPARA
_d1
999 _c205709
_d205709